[Event "TUR-ch U07/12"]
[Site "Antalya"]
[Date "2023.01.27"]
[Round "9"]
[White "Beskardesler, Ihsan Batin"]
[Black "Yardimci, Can"]
[Result "1-0"]
[WhiteElo "1255"]
[BlackElo "1745"]
[PlyCount "78"]
[EventDate "2023.01.17"]
[EventType "swiss"]
[EventRounds "10"]
[EventCountry "TUR"]
[SourceTitle "EXT 2024"]
[Source "ChessBase"]
[SourceDate "2023.10.10"]
[SourceVersion "1"]
[SourceVersionDate "2023.10.10"]
[SourceQuality "1"]

1. d4 Nf6 2. Nf3 g6 3. c4 Bg7 4. g3 0-0 5. Bg2 d6 6. Nc3 c6 7. h3 Qb6 8. b3 c5 9. Be3 cxd4 10. Nxd4 Qd8 11. Rc1 Nbd7 12. 0-0 a6 13. Qd2 Qc7 14. Nd5 Nxd5 15. cxd5 Qb8 16. Rc2 Nf6 17. Rfc1 Bd7 18. Qb4 a5 19. Qd2 Rd8 20. a4 Kf8 21. g4 Rc8 22. Rxc8+ Bxc8 23. Nb5 Ne8 24. Bb6 Bd7 25. Nd4 Ra6 26. Bxa5 Rxa5 27. Ne6+ Bxe6 28. Qxa5 Bd7 29. e3 b6 30. Qb4 Qa7 31. Qc4 Qa5 32. Bf1 Qc5 33. Rc2 Qxc4 34. Rxc4 b5 35. Rf4 Be5 36. Bxb5 Bxf4 37. Bxd7 Nf6 38. Bc6 Be5 39. a5 Ne8 1-0

[Event "TUR-ch U07/12"]
[Site "Antalya"]
[Date "2023.01.23"]
[Round "2"]
[White "Metiner, Yekta Efe"]
[Black "Yardimci, Can"]
[Result "0-1"]
[WhiteElo "1141"]
[BlackElo "1745"]
[PlyCount "112"]
[EventDate "2023.01.17"]
[EventType "swiss"]
[EventRounds "10"]
[EventCountry "TUR"]
[SourceTitle "EXT 2024"]
[Source "ChessBase"]
[SourceDate "2023.10.10"]
[SourceVersion "1"]
[SourceVersionDate "2023.10.10"]
[SourceQuality "1"]

1. e4 c5 2. Nf3 e6 3. d4 cxd4 4. Nxd4 Nf6 5. Nc3 Nc6 6. Ndb5 Bb4 7. a3 Bxc3+ 8. Nxc3 d5 9. Bd3 d4 10. Ne2 e5 11. 0-0 0-0 12. f4 Nd7 13. Qe1 exf4 14. Bxf4 Nde5 15. Qg3 f6 16. Rad1 Be6 17. Bb5 Qb6 18. Bxe5 fxe5 19. Qd3 Ne7 20. Kh1 Rxf1+ 21. Rxf1 Rc8 22. b4 Ng6 23. Ba4 Bc4 24. Bb3 Qe6 25. Bxc4 Qxc4 26. Rc1 b5 27. g3 Rf8 28. Kg1 a6 29. Rf1 Rc8 30. Rc1 Nf8 31. Kg2 Nd7 32. Kg1 Nf6 33. Qf3 Rf8 34. g4 Nd5 35. Qd3 Ne3 36. h3 Qf7 37. Qb3 Qxb3 38. cxb3 d3 39. Nc3 Rc8 40. Kf2 d2 41. Rd1 Rxc3 42. Rxd2 Rxb3 43. Rd8+ Kf7 44. Rd7+ Kg6 45. Rd6+ Kg5 46. Rxa6 Nc4 47. Ra7 Kh6 48. h4 Rxa3 49. Rb7 Nd6 50. Rb6 Rd3 51. Ke2 Rd4 52. Kf3 Kg6 53. Ra6 Kf6 54. g5+ Ke6 55. Ra7 Rxe4 56. Rxg7 Rxh4 0-1